Comunicación para la democracia

Enregistré dans:
Détails bibliographiques
Auteur principal: Monge Alvarez, Luis Alberto
Format: Texte
Publié: San José: Secretaría de Información y Comunicación
Tags: Ajouter un tag
Pas de tags, Soyez le premier à ajouter un tag!

MARC

LEADER 00000 a a2200000 04500
001 21288
003
040
090 |a 093000  
100 |a Monge Alvarez, Luis Alberto  
245 |a Comunicación para la democracia  
260 |a San José:   |b Secretaría de Información y Comunicación  
300 |a 55 p.  
999 |c 14160  |d 14160